00638nam a2200181 i 4500001000700000003000900007005001700016008004100033100003300074245007100107250001200178260003700190300003900227490006300266600004500329830006000374852002200434186902ES-MaACL20250911063609.0170228s1932 sp |||| | spa d1 aPonce, Aníbal, d1898-193810aSarmiento, constructor de la nueva Argentina / cpor Anibal Ponce. a1ª ed. aMadrid : bEspasa-Calpe, c1932. a239 p., [4] p.de lám. ; c18 cm.1 aVidas Españolas e Hispanoamericanas del Siglo XIX ; v2814aSarmiento, Domingo Faustino, d1811-188800aVidas españolas e hispanoamericanas del siglo XIXv28 aES-MaACLjC-23239